000 00676nam a2200265Ia 4500
005 20260121170854.0
008 008 260114s9999 xx 000 0 eng d
020 _a9784431498223
037 _aEBOOK
040 _aCRL
040 _beng
040 _cCRL
041 _2eng
041 _aeng
084 _qCRL
100 _aJosé Manuel Aroca, Heisuke Hironaka, José Luis Vicente
_91069200
245 0 _aComplex Analytic Desingularization
260 _bSpringer
260 _bSpringer
260 _c2018
856 _uhttps://link.springer.com/openurl?genre=book&isbn=978-4-431-49822-3
942 _cEBOOK
999 _c1634930
_d1634930